| 000 | 00988nam a2200325 i 4500 | ||
|---|---|---|---|
| 001 | C2-0101341 | ||
| 003 | PPAK | ||
| 005 | 20220508124047.0 | ||
| 008 | 970531t19831982my |||e ||||| | may d | ||
| 020 |
_a9836200266 _qpaperback |
||
| 040 |
_aPPAK _beng _cPPAK _erda |
||
| 082 | 0 | 4 |
_a615.882 _223 |
| 090 | 0 | 0 |
_a615.882 _bWAR _dG |
| 090 | 2 | 0 |
_a615.882 _bWAR _dKAA |
| 090 | 2 | 0 |
_a615.882 _bWAR _dKSA |
| 090 | 2 | 0 |
_a615.882 _bWAR _dKAO |
| 245 | 0 | 0 |
_aWARISAN PERUBATAN MELAYU / _cDISELENGGARAKAN OLEH A. SAMAD AHMAD |
| 264 | 1 |
_aKuala Lumpur : _bDewan Bahasa dan Pustaka , _c1983 |
|
| 264 | 4 | _c©1982 | |
| 300 |
_axix, 165 pages ; _c22 cm |
||
| 336 |
_2rdacontent _atext |
||
| 337 |
_2rdamedia _aunmediated |
||
| 338 |
_2rdacarrier _avolume |
||
| 500 | _aContains verses from the Qur'an | ||
| 504 | _aBibliography: page 165 | ||
| 650 | 1 | 0 | _aTraditional medicine |
| 650 | 2 | 0 |
_aMalays _xMedicine |
| 700 | 0 |
_aA. Samad Ahmad, _q(Abdul Samad Ahmad), _d1913- _ecompiler. |
|
| 942 |
_cB _2ddc |
||
| 999 |
_c23250 _d23250 |
||